| 000 | 00429nam a2200121Ia 4500 | ||
|---|---|---|---|
| 008 | 200626s9999 xx 000 0 und d | ||
| 020 | _a0-470-80551-X | ||
| 100 | _aSummers, Jane | ||
| 245 |
_cJane Summers, Brett Smith.-- _aCommunication skills handbook: _bHow to succeed in written and oral communication:/ |
||
| 260 |
_aAustralia : _bJohn Wiley & Sons Australia, Ltd _c2004 |
||
| 300 | _axii, 100 pages | ||
| 500 | _aIncludes Index | ||
| 999 |
_c363822 _d363822 |
||